000 02112nam a2200397 c 4500
003 BLK
005 20240704105848.0
008 180413b bul|||||r ||||||| ||bul||
010 _aKNG00023960000
040 _aBLK
041 _aBUL
_cBUL
080 _aПолитически партии и движения
_b329
_x(47+57)КПСС(092)
_z329(47+57)КПСС(092)
080 _aОбща организация на въоръженните сили. Войска и флота - Подразделение в различните родове войски (армии, дивизии, полкове, ескадри и др. )Чинове и длъжности на военнослужещите и др.
_b355.3
_x(47+57)(092)
_z355.3(47+57)(092)
080 _aБиографии
_b929
_x
_z929
100 1 _aЗенкович, Николай А.
_eпърви автор
_9260866
700 _aАтанасов, Гриша Александров
_d1957-
_9382230
139 _aЗенкович, Николай А.
_bЗ 58
245 1 0 _aМаршали срещу генерални секретари
_bИнтригите, враждите, заговорите : Ч. 1 -
_cНиколай А. Зенкович; прев. от рус. Гриша Атанасов.
_nЧ. 1
257 _aRUS
260 София
_bМириам
_c1998
300 _c20 см
380 _a3
500 _aДеп. списък: 45 Ориг. загл. Маршалы и генсеки / Н. А. Зенькович ; Офс. изд Място на печат: Враца Име на печатница: Полипринт Геогр. руб.: СССР.
650 4 _aИстория - СССР
_9249838
650 4 _aКПСС - дейци
_9250565
650 4 _aМаршали, съветски
_9161233
653 _aразузнаване
653 _aполитика
760 1 _aЗенкович, Николай А.
_d1998
_h256 с.
_tЧ. 1
852 _aЦб 197323
856 4 _qpdf
_u
856 4 _qpdf
_u
942 _cKNG
_n0
_02
944 _aCR
_c15.01.2003
_k30560
_lГеновева Генчева
944 _aED
_c08.07.2014
_k
999 _c21664
_d21664